The middle east military balance 1989-1990 (Record no. 582625)

000 -LEADER
fixed length control field 00498nam a22001817a 4500
003 - CONTROL NUMBER IDENTIFIER
control field CEME
005 - DATE AND TIME OF LATEST TRANSACTION
control field 20210628205856.0
008 - FIXED-LENGTH DATA ELEMENTS--GENERAL INFORMATION
fixed length control field 210208b xxu||||| |||| 00| 0 eng d
020 ## - INTERNATIONAL STANDARD BOOK NUMBER
International Standard Book Number 0-8133-8300-5
040 ## - CATALOGING SOURCE
Transcribing agency .
082 ## - DEWEY DECIMAL CLASSIFICATION NUMBER
Classification number 355.031 ALP
100 ## - MAIN ENTRY--PERSONAL NAME
Personal name Alpher, Josep
9 (RLIN) 77339
245 ## - TITLE STATEMENT
Title The middle east military balance 1989-1990
260 ## - PUBLICATION, DISTRIBUTION, ETC.
Place of publication, distribution, etc. ISREAL
Name of publisher, distributor, etc. JAFFEE CENTER
Date of publication, distribution, etc. 1990
300 ## - PHYSICAL DESCRIPTION
Extent 450P
650 ## - SUBJECT ADDED ENTRY--TOPICAL TERM
Topical term or geographic name entry element MIDDLE EAST MILITARY BALANCE MILITARY BALANCE-MIDDLE EAST
9 (RLIN) 77340
942 ## - ADDED ENTRY ELEMENTS (KOHA)
Koha item type Book
Source of classification or shelving scheme
Holdings
Withdrawn status Lost status Damaged status Not for loan Permanent Location Current Location Shelving location Date acquired Total Checkouts Full call number Barcode Date last seen Price effective from Koha item type
        College of Electrical & Mechanical Engineering (CEME) College of Electrical & Mechanical Engineering (CEME) General Stacks 06/07/2017   355.031 ALP CEME-33006 06/28/2021 06/28/2021 Book
© 2023 Central Library, National University of Sciences and Technology. All Rights Reserved.